Psychological testing and assessment / (Record no. 45345)
[ view plain ]
| 000 -LEADER | |
|---|---|
| fixed length control field | 00853cam a22002538i 4500 |
| 001 - CONTROL NUMBER | |
| control field | MEB012186 SSB071315 |
| 005 - DATE AND TIME OF LATEST TRANSACTION | |
| control field | 20190211102405.0 |
| 008 - FIXED-LENGTH DATA ELEMENTS--GENERAL INFORMATION | |
| fixed length control field | 170113s2018 iau 000 0 eng |
| 010 ## - LIBRARY OF CONGRESS CONTROL NUMBER | |
| LC control number | 2016059701 |
| 020 ## - INTERNATIONAL STANDARD BOOK NUMBER | |
| International Standard Book Number | 9781259922084 |
| 100 1# - MAIN ENTRY--PERSONAL NAME | |
| Personal name | Cohen, Ronald Jay. |
| 245 10 - TITLE STATEMENT | |
| Title | Psychological testing and assessment / |
| Statement of responsibility, etc | Ronald Jay Cohen and Mark E. Swerdlik. |
| 250 ## - EDITION STATEMENT | |
| Edition statement | Ninth Edition. |
| 260 ## - PUBLICATION, DISTRIBUTION, ETC. (IMPRINT) | |
| Place of publication, distribution, etc | New York : |
| Name of publisher, distributor, etc | McGraw-Hill Education, |
| Date of publication, distribution, etc | 2018. |
| 300 ## - PHYSICAL DESCRIPTION | |
| Extent | xxix, 566 pages : |
| Other physical details | illustrations ; |
| Dimensions | 26 cm. |
| 336 ## - CONTENT TYPE | |
| Content Type Term | text |
| Content Type Code | txt |
| Source | rdacontent. |
| 337 ## - MEDIA TYPE | |
| Media Type Term | unmediated |
| Media Type Code | n |
| Source | rdamedia. |
| 338 ## - CARRIER TYPE | |
| Carrier Type Term | volume |
| Carrier Type Code | nc |
| Source | rdacarrier. |
| 500 ## - GENERAL NOTE | |
| General note | Revised edition of the authors' Psychological testing and assessment, c2013. |
| 650 #0 - SUBJECT ADDED ENTRY--TOPICAL TERM | |
| Topical term or geographic name as entry element | Psychological tests. |
| 650 #0 - SUBJECT ADDED ENTRY--TOPICAL TERM | |
| Topical term or geographic name as entry element | Psychometrics. |
| 700 1# - ADDED ENTRY--PERSONAL NAME | |
| Personal name | Swerdlik, Mark E., |
| Relator term | author. |
| 942 ## - ADDED ENTRY ELEMENTS (KOHA) | |
| Source of classification or shelving scheme | Library of Congress Classification |
| Item type | Books |
| Withdrawn status | Lost status | Source of classification or shelving scheme | Damaged status | Not for loan | Home library | Current library | Shelving location | Date acquired | Source of acquisition | Cost, normal purchase price | Inventory number | Total Checkouts | Full call number | Barcode | Date last seen | Price effective from | Koha item type | Copy number |
|---|---|---|---|---|---|---|---|---|---|---|---|---|---|---|---|---|---|---|
| Library of Congress Classification | BSOP Library | BSOP Library | GC | 02/11/2019 | Mindmover | 1000.00 | 45174 | BF176 C66 2018 | 00056174 | 02/11/2019 | 02/11/2019 | Books | ||||||
| Library of Congress Classification | BSOP Library | BSOP Library | GC | 06/26/2024 | Mindmover | 48311 | BF176 C66 2018 | 00058447 | 06/26/2024 | 06/26/2024 | Books | c.2 |
